1399 1335 1605 1655 1389 1949 1973 1881 1602 1532 1115 1382 1926 1293 1529 1401 1560 1175 1614 1375 1992 1735 1512 1256 1652 1413 1121 1225 1851 1778 1153 1307 1916 1878 1313 1532 1577 1268 1883 1202 1312 1302 1411 1480 1045 1641 1437 1912 1431 1883 1042 1049 1683 1708 1843 1100 1526 1589 1930 1198 1326 1173 1789 1117 1875 1965 1415 1536 1332 1663 1154 1330 1165 1617 1988 1071 1656 1078 1330 1664 1195 1121 1643 1708 1902 1150 1134 1736 1400 1396 1168 1703 1712 1267 1977 1246 1560 1782 1025 BCNSPRNW ULIB Ver.6.0+V

เปลี่ยนเป็นภาษาไทย

Change to English
 แสดงรายละเอียดบรรณานุกรม
  กลับหน้าหลัก

Brief Record : Get Marc (ISO 2709) : E-mail record : QR code < ปิดหน้าต่าง
LEADER : 00000nas 2200000uu 4500
001    13399126220
003     ULIB
008    180803s||||||||th 000 0 tha d
022    ^a2630046x
110    ^aวิทยาลัยพยาบาลพระจอมเกล้า จังหวัดเพชรบุรี
245    ^aวารสารวิทยาลัยพยาบาลพระจอมเกล้า จังหวัดเพชรบุรี
260    ^aเพชรบุรี :^bวิทยาลัยพยาบาลพระจอมเกล้า จังหวัดเพชรบุรี,^c2561
310    ^aรายสี่เดือน
850 ^a ULIB^bปีที่ 1 ฉบับที่ 1 ฉ.1
945    ^p0^l0^i904963
999    ^aประนอม เกษจรัล
รายการนี้ยังไม่มีแท็ก
คุณยังไม่ได้ล็อกอิน คุณสามารถมีกิจกรรมร่วมกับเว็บไซต์ได้ แต่ต้องล็อกอินก่อน ::
  ล็อกอิน

รายการสื่อสารสนเทศ (วารสาร)

ดูแบบ: กล่อง รายการ
ARRIVED
ปีที่ 1 ฉบับที่ 1 ฉ.1
สถานที่: ห้องสมุดวิทยาเขตสวรรค์ประชารักษ์ >วารสาร

BibComment


ยังไม่เคยถูกคอมเมนท์

คอมเมนท์ทรัพยากรรายการนี้
  คอมเมนท์: วารสารวิทยาลัยพย..


 Copyright 2026. Bcnsprnw @Library